Micro Isis a su alcance: guía rápida
Sábháilte in:
| Príomhchruthaitheoirí: | , |
|---|---|
| Formáid: | LEABHAR |
| Teanga: | Spáinnis |
| Foilsithe / Cruthaithe: |
Buenos Aires
Novedades Educativas
1997
|
| Ábhair: | |
| Clibeanna: |
Cuir clib leis
Níl clibeanna ann, Bí ar an gcéad duine le clib a chur leis an taifead seo!
|
MARC
| LEADER | 00000nam a2200000 a 4500 | ||
|---|---|---|---|
| 001 | UCP6259 | ||
| 003 | CL-VaPUC | ||
| 008 | 991021e19970000AG |||||||||||||||||spa|d | ||
| 082 | 0 | 4 | |a 005.3 |b CAS |2 21 |
| 100 | 0 | |a Castorina, Jorge |e author |9 435246 | |
| 700 | 0 | |a López Liotti, Pablo |e author |9 435247 | |
| 245 | 1 | 0 | |a Micro Isis a su alcance: guía rápida |
| 300 | |a 123 p | ||
| 942 | |c BK | ||
| 945 | |d 19991021 00:00:00 |a rbrito | ||
| 260 | |a Buenos Aires |b Novedades Educativas |c 1997 | ||
| 600 | 0 | 7 | |a MICROISIS |2 CL-VaPUC |9 435248 |
| 650 | 0 | |a Programas para computadores |9 260340 | |
| 650 | 0 | |a Lenguaje de computación |9 370041 | |
| 583 | |a last modification |c 19991021 00:00:00 |k Rodrigo Vera | ||
| 999 | |c 283859 |d 283857 | ||
| 952 | |0 0 |1 0 |4 0 |6 005_300000000000000_CAS_1997 |7 0 |8 A |9 327352 |a BIBING |b BIBING |d 2019-11-20 |i 3572226 |o 005.3 CAS 1997 |p 3572226 |r 2025-01-20 |w 2019-11-20 |y BK |k ING | ||
| 952 | |0 0 |1 0 |4 0 |6 005_300000000000000_CAS_1997 |7 0 |8 A |9 327354 |a BIBGIM |b BIBGIM |d 2019-11-20 |i 3572242 |o 005.3 CAS 1997 |p 3572242 |r 2025-01-15 |w 2019-11-20 |y BK |k GIM | ||